Chapters in a life of Paul. (Record no. 5164)

000 -LEADER
fixed length control field 00647nam a2200205 a 4500
001 - CONTROL NUMBER
control field :::00002905$&:&@@
003 - CONTROL NUMBER IDENTIFIER
control field OkBaRHE
005 - DATE AND TIME OF LATEST TRANSACTION
control field 20100401122234.0
008 - FIXED-LENGTH DATA ELEMENTS--GENERAL INFORMATION
fixed length control field s1950 j 000 0 eng u
040 ## - CATALOGING SOURCE
Transcribing agency
100 1# - MAIN ENTRY--PERSONAL NAME
Personal name Knox, John, 1900-
245 10 - TITLE STATEMENT
Title Chapters in a life of Paul.
260 ## - PUBLICATION, DISTRIBUTION, ETC. (IMPRINT)
Place of publication, distribution, etc New York, NY., :
Name of publisher, distributor, etc Abingdon-Cokesbury Press
Date of publication, distribution, etc 1950
300 ## - PHYSICAL DESCRIPTION
Extent 168 p. ;
Dimensions 24 cm.
650 ## - SUBJECT ADDED ENTRY--TOPICAL TERM
Topical term or geographic name as entry element Christian Saints
General subdivision Turkey
-- Tarsus
-- Biography
650 ## - SUBJECT ADDED ENTRY--TOPICAL TERM
Topical term or geographic name as entry element Paul, Apostle, saint
650 ## - SUBJECT ADDED ENTRY--TOPICAL TERM
Topical term or geographic name as entry element Tarsus (Turkey)
General subdivision Biography
942 ## - ADDED ENTRY ELEMENTS (KOHA)
Source of classification or shelving scheme
Koha item type Books
Copies
Date acquired Current Location Barcode Source of classification or shelving scheme Full call number Permanent Location Withdrawn status Date last seen Damaged status Price effective from Copy number Koha item type Shelving location Not for loan Lost status
2010-04-14RHEMA Bible Training College2905 BS 2505 .K56RHEMA Bible Training College 2018-03-08 2010-04-141BooksGeneral Stacks Missing